000 00344nam a2200145Ia 4500
008 230711s9999||||xx |||||||||||||| ||und||
041 _aENG
082 _a720
_bWH-K
100 _aWichmann,Hans
245 0 _aKünstlerplakate
250 _a1st Ed.
260 _c1994
_aNew Delhi
_bOxford University Press
650 _aArchitecture
942 _cBK
999 _c3099
_d3099